00946nam a2200205 a 450000100100000000500170001000800410002704000250006808200160009310000340010924500610014326000830020430000210028750001380030850000740044650400740052004900090059495201200060399900170072300001962620200929170100.0100701s1994 pr 000 0 spa d aDO-SdBNPbspacBNPHU annnnbA461c1 aAlsina Orozco, Amalia,94206614aLos congresos pro-independencia /cAmalia Alsina Orozco. aPuerto Rico :bCentro de estudios avanzados de Puerto Rico y el Caribe,c1994. a148 p. ;c23 cm. aEn la portada: Tesis sometida al Centro de Estudios Avanzados de Puerto Rico y el Caribe, para optar al grado de maestría en artes. aIncluye referencia biográfica del autor en la solapa de la portada. aIncluye referencias bibliográficas y notas al pie de las páginas. aBNGR 001054708MOaGRbGRcCTd2010-07-01iLF1l0onnnn A461cp19626-10r2020-06-25w2020-06-25y4ZPréstamo en sala c19142d19142